Guess the game console - Statistics

General Stats
  • This quiz has been taken 131 times
  • The average score is 9 of 10
Answer Stats
Picture Answer % Correct
Ps2
99%
Ps3
99%
Xbox
99%
Ps4
97%
Wii
96%
Xbox 360
94%
Xbox One
94%
Nintendo Switch
93%
Nintendo Gamecube
84%
Wii u
83%
No matching quizzes found
Score Distribution
Percent of People with Each Score
Percentile by Number Answered
Your Score History
You have not taken this quiz